• 首页
  • 本馆介绍
  • 公告通知
  • 最新文献
  • 馆藏检索
  • 电子资源
  • 读者导购
  • 参考咨询
  • 我的图书馆
  • 登录
  • 详细信息显示
  • 放入我的书架
  • 预约/预借图书
  • 作者相关作品
  • 分类相关作品
  • 丛书相关作品
  • 出版社相关作品

书目信息

  • 表格格式
  • 工作单格式
  • 卡片格式
题名:
简明通假字字典
    
 
作者: 高启沃 编著
分册:  
出版信息: 合肥   安徽教育出版社  1999.04
页数: 515页
开本: 32开
丛书名:
单 册:
中图分类: H163
科图分类:
主题词: 汉语--词典学
电子资源:
ISBN: 7-5336-0938-7
000 00577nam0 2200205 45
001 0105151593
005 20031219104049.6
010    @a7-5336-0938-7@dCNY14.80
100    @a20010515d1999 km y0chiy0120 ea
101 0  @achi
105    @a z 000yy
200 1  @a简明通假字字典@AJian Ming Tong Jia Zi Zi Dian@f高启沃编著@FGao Qi Wo Bian Zhu
205    @a2版
210    @a合肥@c安徽教育出版社@d1999.04
215    @a515页@d32开
606 0  @a汉语@x词典学
690    @aH163@v4
701    @a高启沃@4编著
801    @aCN@bTSTC@c20010517
905    @a213230@f3@b296907-909@dH163@e120=2
    
    简明通假字字典/高启沃编著.-2版.-合肥:安徽教育出版社,1999.04
    515页;32开
    
    
    ISBN 7-5336-0938-7:CNY14.80
    
●
相关链接 在E读中查询图书 在五车中查询图书 在当当中查询图书 在豆瓣中查询图书


正题名:简明通假字字典     索取号:H163/120=2         预约/预借

序号 登录号 条形码 馆藏地/架位号 状态 备注
1 0296907   202969074   工具书阅览室/ [索取号:H163/120=2] 在馆    
2 0296908   202969083   密集书库/ [索取号:H163/120=2] 在馆    
3 0296909   202969092   第二样本阅览室/ [索取号:H163/120=2] 在馆    
唐山师范学院图书馆 欢迎您!
大连网信软件有限公司© 版权所有